| 000 | 00381nam a2200169Ia 4500 | ||
|---|---|---|---|
| 005 | 20250603144540.0 | ||
| 008 | 250603s9999 xx 000 0 und d | ||
| 020 | _a978-0-07-161158-9 | ||
| 100 | _aEugene Don | ||
| 245 | 0 | _aBasic Business Mathematics | |
| 260 | _aNew York | ||
| 260 | _bMcGraw-Hill | ||
| 260 | _c2000 | ||
| 300 | _a249 p | ||
| 650 | _aNew York | ||
| 942 | _cBK | ||
| 999 |
_c39251 _d39251 |
||